[Event "DVM U14 2021"]
[Site "Willingen GER"]
[Date "2022.08.13"]
[Round "1"]
[White "Krüger, Arthur"]
[Black "Chugunov, Ivan"]
[Result "1-0"]
[Termination "normal"]
[Board "3.2"]
[WhiteElo "1996"]
[BlackElo "1630"]
[WhiteClock "00:25:30"]
[BlackClock "00:29:50"]
[WhiteTeam "Hamburger SK 1830"]
[BlackTeam "SC Ostfildern 1952"]
[PlyCount "91"]
[WhiteFideId "16244966"]
[BlackFideId "16256808"]
[EventCountry "GER"]
[EventRounds "7"]
[EventType "team-swiss"]
[EventDate "2022.08.12"]

1. e4 {[%clk 01:30:55]} {[%emt 00:00:04]} c6 {[%clk 01:30:41]} {[%emt
00:00:20]} 2. d4 {[%clk 01:31:16]} {[%emt 00:00:08]} d5 {[%clk 01:31:04]}
{[%emt 00:00:08]} 3. e5 {[%clk 01:31:41]} {[%emt 00:00:05]} Bf5 {[%clk
01:31:25]} {[%emt 00:00:09]} 4. Nf3 {[%clk 01:32:01]} {[%emt 00:00:09]} e6
{[%clk 01:31:34]} {[%emt 00:00:21]} 5. Be2 {[%clk 01:32:22]} {[%emt 00:00:10]}
Nd7 {[%clk 01:31:47]} {[%emt 00:00:17]} 6. O-O {[%clk 01:32:24]} {[%emt
00:00:27]} h6 {[%clk 01:31:58]} {[%emt 00:00:19]} 7. a4 {[%clk 01:28:46]}
{[%emt 00:04:09]} Ne7 {[%clk 01:30:23]} {[%emt 00:02:05]} 8. Nbd2 {[%clk
01:26:53]} {[%emt 00:02:22]} Ng6 {[%clk 01:21:59]} {[%emt 00:08:54]} 9. Nb3
{[%clk 01:24:23]} {[%emt 00:03:00]} Be7 {[%clk 01:20:14]} {[%emt 00:02:14]} 10.
Re1 {[%clk 01:20:44]} {[%emt 00:04:10]} O-O {[%clk 01:13:24]} {[%emt 00:07:20]}
11. Bd3 {[%clk 01:15:14]} {[%emt 00:06:01]} Bxd3 {[%clk 01:12:13]} {[%emt
00:01:41]} 12. Qxd3 {[%clk 01:15:25]} {[%emt 00:00:19]} Qe8 {[%clk 01:10:27]}
{[%emt 00:02:16]} 13. Qe2 {[%clk 01:04:53]} {[%emt 00:11:02]} f6 {[%clk
01:05:14]} {[%emt 00:05:43]} 14. exf6 {[%clk 01:00:47]} {[%emt 00:04:36]} Rxf6
{[%clk 01:04:35]} {[%emt 00:01:08]} 15. Ne5 {[%clk 00:57:23]} {[%emt 00:03:55]}
Ndxe5 {[%clk 01:02:12]} {[%emt 00:02:53]} 16. dxe5 {[%clk 00:56:59]} {[%emt
00:00:52]} Rf5 {[%clk 01:01:49]} {[%emt 00:00:54]} 17. Be3 {[%clk 00:45:27]}
{[%emt 00:12:02]} Rxe5 {[%clk 01:00:17]} {[%emt 00:02:03]} 18. Qd2 {[%clk
00:39:38]} {[%emt 00:06:19]} Qf7 {[%clk 00:58:11]} {[%emt 00:02:36]} 19. Bc5
{[%clk 00:36:53]} {[%emt 00:03:15]} Bg5 {[%clk 00:55:34]} {[%emt 00:03:07]} 20.
Qc3 {[%clk 00:34:56]} {[%emt 00:02:27]} Bf6 {[%clk 00:40:37]} {[%emt 00:15:27]}
21. Bd4 {[%clk 00:34:09]} {[%emt 00:01:17]} Rf5 {[%clk 00:38:20]} {[%emt
00:02:47]} 22. Bxf6 {[%clk 00:32:34]} {[%emt 00:02:05]} Rxf6 {[%clk 00:38:19]}
{[%emt 00:00:31]} 23. f3 {[%clk 00:30:39]} {[%emt 00:02:24]} Rf8 {[%clk
00:37:07]} {[%emt 00:01:42]} 24. a5 {[%clk 00:30:04]} {[%emt 00:01:07]} Nh4
{[%clk 00:31:29]} {[%emt 00:06:07]} 25. Kh1 {[%clk 00:24:20]} {[%emt 00:06:14]}
Qh5 {[%clk 00:13:41]} {[%emt 00:18:18]} 26. Re5 {[%clk 00:22:47]} {[%emt
00:02:04]} Qg6 {[%clk 00:09:59]} {[%emt 00:04:11]} 27. Rg1 {[%clk 00:21:14]}
{[%emt 00:02:02]} Rf5 {[%clk 00:09:24]} {[%emt 00:01:06]} 28. Nc5 {[%clk
00:20:12]} {[%emt 00:01:33]} Rxe5 {[%clk 00:06:58]} {[%emt 00:02:55]} 29. Qxe5
{[%clk 00:20:23]} {[%emt 00:00:18]} Qxc2 {[%clk 00:06:47]} {[%emt 00:00:42]}
30. Nxe6 {[%clk 00:18:05]} {[%emt 00:02:48]} Rf7 {[%clk 00:06:43]} {[%emt
00:00:33]} 31. Qb8+ {[%clk 00:18:07]} {[%emt 00:00:29]} Kh7 {[%clk 00:05:59]}
{[%emt 00:01:13]} 32. Nf8+ {[%clk 00:18:13]} {[%emt 00:00:25]} Rxf8 {[%clk
00:06:09]} {[%emt 00:00:22]} 33. Qxf8 {[%clk 00:18:32]} {[%emt 00:00:10]} d4
{[%clk 00:06:14]} {[%emt 00:00:25]} 34. Qf4 {[%clk 00:14:27]} {[%emt 00:04:35]}
Nf5 {[%clk 00:04:12]} {[%emt 00:02:32]} 35. g4 {[%clk 00:12:18]} {[%emt
00:02:38]} Ne3 {[%clk 00:04:03]} {[%emt 00:00:39]} 36. Qxd4 {[%clk 00:11:54]}
{[%emt 00:00:55]} Qf2 {[%clk 00:04:04]} {[%emt 00:00:29]} 37. Qf4 {[%clk
00:10:01]} {[%emt 00:02:22]} Nf1 {[%clk 00:03:37]} {[%emt 00:00:58]} 38. Qe4+
{[%clk 00:07:22]} {[%emt 00:03:08]} Kh8 {[%clk 00:03:36]} {[%emt 00:00:31]} 39.
Rg2 {[%clk 00:07:15]} {[%emt 00:00:37]} Qc5 {[%clk 00:02:35]} {[%emt 00:01:32]}
40. Qe8+ {[%clk 00:02:54]} {[%emt 00:04:51]} Kh7 {[%clk 00:02:50]} {[%emt
00:00:15]} 41. Qe4+ {[%clk 00:03:04]} {[%emt 00:00:20]} Kh8 {[%clk 00:03:14]}
{[%emt 00:00:06]} 42. g5 {[%clk 00:26:23]} {[%emt 00:07:10]} hxg5 {[%clk
00:30:45]} {[%emt 00:03:00]} 43. Qe8+ {[%clk 00:26:17]} {[%emt 00:00:36]} Kh7
{[%clk 00:31:04]} {[%emt 00:00:10]} 44. Qh5+ {[%clk 00:26:40]} {[%emt
00:00:07]} Kg8 {[%clk 00:31:27]} {[%emt 00:00:07]} 45. Rxg5 {[%clk 00:25:31]}
{[%emt 00:01:39]} Qf8 {[%clk 00:29:50]} {[%emt 00:02:07]} 46. Re5 {[%clk
00:25:30]} {[%emt 00:00:32]} 1-0

[Event "DVM U14 2021"]
[Site "Willingen GER"]
[Date "2022.08.13"]
[Round "1"]
[White "Borgert, Alexander"]
[Black "Peter, Leonard"]
[Result "1/2-1/2"]
[Termination "normal"]
[Board "3.4"]
[WhiteElo "1477"]
[BlackElo "1171"]
[WhiteClock "00:43:59"]
[BlackClock "01:15:47"]
[WhiteTeam "Hamburger SK 1830"]
[BlackTeam "SC Ostfildern 1952"]
[PlyCount "199"]
[WhiteFideId "16289188"]
[BlackFideId "34630295"]
[EventCountry "GER"]
[EventRounds "7"]
[EventType "team-swiss"]
[EventDate "2022.08.12"]

1. d4 {[%clk 01:30:58]} {[%emt 00:00:01]} d5 {[%clk 01:30:50]} {[%emt
00:00:11]} 2. c4 {[%clk 01:31:23]} {[%emt 00:00:05]} c6 {[%clk 01:30:53]}
{[%emt 00:00:28]} 3. Nf3 {[%clk 01:31:47]} {[%emt 00:00:05]} e6 {[%clk
01:31:13]} {[%emt 00:00:10]} 4. Nc3 {[%clk 01:32:10]} {[%emt 00:00:07]} dxc4
{[%clk 01:31:33]} {[%emt 00:00:10]} 5. e4 {[%clk 01:32:34]} {[%emt 00:00:06]}
b5 {[%clk 01:31:37]} {[%emt 00:00:25]} 6. d5 {[%clk 01:32:34]} {[%emt
00:00:30]} Bb4 {[%clk 01:30:12]} {[%emt 00:01:54]} 7. dxc6 {[%clk 01:29:16]}
{[%emt 00:03:49]} Qxd1+ {[%clk 01:29:29]} {[%emt 00:01:12]} 8. Kxd1 {[%clk
01:29:41]} {[%emt 00:00:06]} Bxc3 {[%clk 01:29:40]} {[%emt 00:00:19]} 9. bxc3
{[%clk 01:30:04]} {[%emt 00:00:08]} Nxc6 {[%clk 01:29:58]} {[%emt 00:00:11]}
10. a4 {[%clk 01:28:33]} {[%emt 00:02:02]} bxa4 {[%clk 01:29:01]} {[%emt
00:01:27]} 11. Rxa4 {[%clk 01:28:53]} {[%emt 00:00:10]} Bb7 {[%clk 01:28:09]}
{[%emt 00:01:22]} 12. Bxc4 {[%clk 01:28:52]} {[%emt 00:00:30]} Nf6 {[%clk
01:26:23]} {[%emt 00:02:17]} 13. Bb5 {[%clk 01:26:37]} {[%emt 00:02:45]} a6
{[%clk 01:25:44]} {[%emt 00:01:09]} 14. Bd3 {[%clk 01:25:31]} {[%emt 00:01:35]}
Rd8 {[%clk 01:24:23]} {[%emt 00:01:51]} 15. Ke2 {[%clk 01:25:49]} {[%emt
00:00:12]} Ra8 {[%clk 01:23:47]} {[%emt 00:01:07]} 16. Bg5 {[%clk 01:26:09]}
{[%emt 00:00:08]} Nd7 {[%clk 01:23:39]} {[%emt 00:00:38]} 17. Be3 {[%clk
01:26:25]} {[%emt 00:00:15]} O-O {[%clk 01:23:15]} {[%emt 00:00:55]} 18. Rb1
{[%clk 01:26:30]} {[%emt 00:00:23]} Bc8 {[%clk 01:22:10]} {[%emt 00:01:36]} 19.
Rba1 {[%clk 01:25:02]} {[%emt 00:01:58]} Ndb8 {[%clk 01:21:28]} {[%emt
00:01:12]} 20. e5 {[%clk 01:18:18]} {[%emt 00:07:14]} a5 {[%clk 01:18:46]}
{[%emt 00:03:12]} 21. Bb5 {[%clk 01:16:56]} {[%emt 00:01:53]} Ba6 {[%clk
01:18:18]} {[%emt 00:00:57]} 22. c4 {[%clk 01:15:41]} {[%emt 00:01:46]} Rc8
{[%clk 01:17:24]} {[%emt 00:01:24]} 23. Bb6 {[%clk 01:12:57]} {[%emt 00:03:13]}
Bxb5 {[%clk 01:16:55]} {[%emt 00:00:59]} 24. cxb5 {[%clk 01:13:09]} {[%emt
00:00:18]} Nd7 {[%clk 01:16:32]} {[%emt 00:00:52]} 25. bxc6 {[%clk 01:12:30]}
{[%emt 00:01:11]} Nxb6 {[%clk 01:16:47]} {[%emt 00:00:14]} 26. Rxa5 {[%clk
01:12:51]} {[%emt 00:00:09]} Rxa5 {[%clk 01:16:44]} {[%emt 00:00:33]} 27. Rxa5
{[%clk 01:13:13]} {[%emt 00:00:08]} Rxc6 {[%clk 01:17:02]} {[%emt 00:00:13]}
28. Nd4 {[%clk 01:13:00]} {[%emt 00:00:42]} Rc8 {[%clk 01:17:12]} {[%emt
00:00:18]} 29. Ra6 {[%clk 01:09:51]} {[%emt 00:03:42]} Nd5 {[%clk 01:17:05]}
{[%emt 00:00:37]} 30. Rc6 {[%clk 01:02:03]} {[%emt 00:08:18]} Rxc6 {[%clk
01:17:09]} {[%emt 00:00:26]} 31. Nxc6 {[%clk 01:02:26]} {[%emt 00:00:07]} g6
{[%clk 01:17:11]} {[%emt 00:00:27]} 32. g3 {[%clk 01:02:48]} {[%emt 00:00:09]}
Kg7 {[%clk 01:17:16]} {[%emt 00:00:25]} 33. Nd8 {[%clk 01:02:58]} {[%emt
00:00:20]} Nc3+ {[%clk 01:17:25]} {[%emt 00:00:20]} 34. Kd3 {[%clk 01:02:54]}
{[%emt 00:00:34]} Nd5 {[%clk 01:17:21]} {[%emt 00:00:34]} 35. f4 {[%clk
01:03:13]} {[%emt 00:00:13]} h5 {[%clk 01:17:31]} {[%emt 00:00:19]} 36. h4
{[%clk 01:02:55]} {[%emt 00:00:49]} Ne7 {[%clk 01:17:12]} {[%emt 00:00:48]} 37.
Ke4 {[%clk 01:02:57]} {[%emt 00:00:28]} Nf5 {[%clk 01:17:18]} {[%emt 00:00:24]}
38. Kf3 {[%clk 01:03:14]} {[%emt 00:00:12]} Nd4+ {[%clk 01:17:15]} {[%emt
00:00:31]} 39. Kf2 {[%clk 01:02:21]} {[%emt 00:01:25]} Nf5 {[%clk 01:17:10]}
{[%emt 00:00:35]} 40. Nb7 {[%clk 01:02:22]} {[%emt 00:00:30]} Nh6 {[%clk
01:14:27]} {[%emt 00:03:09]} 41. Nd6 {[%clk 01:00:54]} {[%emt 00:02:01]} Ng4+
{[%clk 01:14:26]} {[%emt 00:00:32]} 42. Kg2 {[%clk 01:00:14]} {[%emt 00:01:07]}
Kg8 {[%clk 01:13:15]} {[%emt 00:01:41]} 43. Ne8 {[%clk 01:00:34]} {[%emt
00:00:12]} Kf8 {[%clk 01:12:36]} {[%emt 00:01:09]} 44. Nf6 {[%clk 00:56:59]}
{[%emt 00:04:05]} Nxf6 {[%clk 01:12:18]} {[%emt 00:00:48]} 45. exf6 {[%clk
00:57:24]} {[%emt 00:00:05]} Ke8 {[%clk 01:12:33]} {[%emt 00:00:14]} 46. g4
{[%clk 00:57:39]} {[%emt 00:00:16]} Kd7 {[%clk 01:12:37]} {[%emt 00:00:25]} 47.
g5 {[%clk 00:56:02]} {[%emt 00:02:09]} Kd6 {[%clk 01:12:53]} {[%emt 00:00:13]}
48. Kf3 {[%clk 00:56:12]} {[%emt 00:00:21]} Kd5 {[%clk 01:13:11]} {[%emt
00:00:12]} 49. Ke3 {[%clk 00:56:26]} {[%emt 00:00:16]} Kc4 {[%clk 01:12:23]}
{[%emt 00:01:17]} 50. Ke4 {[%clk 00:56:27]} {[%emt 00:00:29]} Kc5 {[%clk
01:12:15]} {[%emt 00:00:37]} 51. Ke5 {[%clk 00:56:03]} {[%emt 00:00:55]} Kc6
{[%clk 01:12:27]} {[%emt 00:00:17]} 52. Kd4 {[%clk 00:50:27]} {[%emt 00:06:06]}
Kd6 {[%clk 01:12:39]} {[%emt 00:00:19]} 53. Kc4 {[%clk 00:50:46]} {[%emt
00:00:12]} Kc6 {[%clk 01:12:55]} {[%emt 00:00:14]} 54. Kb4 {[%clk 00:48:11]}
{[%emt 00:03:04]} Kb6 {[%clk 01:11:54]} {[%emt 00:01:30]} 55. Kc4 {[%clk
00:46:31]} {[%emt 00:02:11]} Kc6 {[%clk 01:12:12]} {[%emt 00:00:12]} 56. Kd4
{[%clk 00:46:56]} {[%emt 00:00:06]} Kd6 {[%clk 01:12:31]} {[%emt 00:00:11]} 57.
Ke4 {[%clk 00:46:55]} {[%emt 00:00:32]} Kc5 {[%clk 01:11:18]} {[%emt 00:01:43]}
58. Kd3 {[%clk 00:46:52]} {[%emt 00:00:32]} Kd5 {[%emt 00:00:09]} 59. Ke3
{[%emt 00:02:27]} Kc4 {[%clk 01:08:41]} {[%emt 00:00:31]} 60. Ke4 {[%clk
00:47:16]} {[%emt 00:00:07]} Kc5 {[%clk 01:09:00]} {[%emt 00:00:09]} 61. Ke5
{[%clk 00:45:52]} {[%emt 00:01:56]} Kc6 {[%clk 01:09:13]} {[%emt 00:00:17]} 62.
Kd4 {[%clk 00:46:16]} {[%emt 00:00:06]} Kd6 {[%clk 01:09:38]} {[%emt 00:00:05]}
63. Kc4 {[%clk 00:46:02]} {[%emt 00:00:42]} Kc6 {[%clk 01:10:01]} {[%emt
00:00:08]} 64. Kc3 {[%clk 00:46:05]} {[%emt 00:00:26]} Kc5 {[%clk 01:10:08]}
{[%emt 00:00:24]} 65. Kd3 {[%clk 00:45:47]} {[%emt 00:00:47]} Kd5 {[%clk
01:10:32]} {[%emt 00:00:07]} 66. Ke3 {[%clk 00:43:35]} {[%emt 00:02:43]} Kc4
{[%clk 01:10:45]} {[%emt 00:00:16]} 67. Ke4 {[%clk 00:43:43]} {[%emt 00:00:21]}
Kc5 {[%clk 01:11:07]} {[%emt 00:00:09]} 68. Ke5 {[%clk 00:41:27]} {[%emt
00:02:46]} Kc6 {[%clk 01:11:27]} {[%emt 00:00:10]} 69. Kd4 {[%clk 00:41:24]}
{[%emt 00:00:34]} Kd6 {[%clk 01:11:49]} {[%emt 00:00:08]} 70. Kc4 {[%clk
00:41:46]} {[%emt 00:00:08]} Kc6 {[%clk 01:12:17]} {[%emt 00:00:02]} 71. Kb4
{[%clk 00:42:01]} {[%emt 00:00:15]} Kb6 {[%clk 01:12:07]} {[%emt 00:00:39]} 72.
Ka4 {[%clk 00:42:07]} {[%emt 00:00:24]} Ka6 {[%clk 01:12:16]} {[%emt 00:00:21]}
73. Kb4 {[%clk 00:40:42]} {[%emt 00:01:56]} Kb6 {[%clk 01:12:22]} {[%emt
00:00:24]} 74. Kc4 {[%clk 00:40:52]} {[%emt 00:00:20]} Kc6 {[%clk 01:11:59]}
{[%emt 00:00:52]} 75. Kc3 {[%clk 00:41:15]} {[%emt 00:00:07]} Kc5 {[%clk
01:12:23]} {[%emt 00:00:07]} 76. Kb3 {[%clk 00:41:23]} {[%emt 00:00:22]} Kb5
{[%clk 01:12:12]} {[%emt 00:00:41]} 77. Ka3 {[%clk 00:41:28]} {[%emt 00:00:25]}
Ka5 {[%clk 01:12:33]} {[%emt 00:00:09]} 78. Kb3 {[%clk 00:41:31]} {[%emt
00:00:27]} Kb5 {[%clk 01:12:56]} {[%emt 00:00:06]} 79. Kc3 {[%clk 00:41:56]}
{[%emt 00:00:05]} Kc5 {[%clk 01:13:24]} {[%emt 00:00:02]} 80. Kd3 {[%clk
00:42:19]} {[%emt 00:00:07]} Kd5 {[%clk 01:13:46]} {[%emt 00:00:08]} 81. Ke3
{[%clk 00:42:41]} {[%emt 00:00:08]} Kc4 {[%clk 01:13:44]} {[%emt 00:00:32]} 82.
Ke4 {[%clk 00:43:03]} {[%emt 00:00:09]} Kc5 {[%clk 01:14:09]} {[%emt 00:00:05]}
83. Ke5 {[%clk 00:43:25]} {[%emt 00:00:07]} Kc6 {[%clk 01:14:31]} {[%emt
00:00:09]} 84. Ke4 {[%clk 00:42:32]} {[%emt 00:01:22]} Kc5 {[%clk 01:14:23]}
{[%emt 00:00:38]} 85. Kd3 {[%clk 00:42:55]} {[%emt 00:00:07]} Kd5 {[%clk
01:14:49]} {[%emt 00:00:05]} 86. Ke3 {[%clk 00:41:05]} {[%emt 00:02:20]} Kc4
{[%clk 01:15:02]} {[%emt 00:00:17]} 87. Ke4 {[%clk 00:41:16]} {[%emt 00:00:18]}
Kc5 {[%clk 01:15:26]} {[%emt 00:00:06]} 88. Ke5 {[%clk 00:41:41]} {[%emt
00:00:05]} Kc6 {[%clk 01:15:49]} {[%emt 00:00:07]} 89. Kd4 {[%clk 00:42:06]}
{[%emt 00:00:06]} Kd6 {[%clk 01:16:13]} {[%emt 00:00:06]} 90. Kc4 {[%clk
00:42:14]} {[%emt 00:00:22]} Kc6 {[%clk 01:16:31]} {[%emt 00:00:11]} 91. Kd3
{[%clk 00:42:29]} {[%emt 00:00:15]} Kd5 {[%clk 01:16:53]} {[%emt 00:00:08]} 92.
Ke3 {[%clk 00:42:46]} {[%emt 00:00:14]} Kc4 {[%clk 01:17:19]} {[%emt 00:00:03]}
93. Ke4 {[%clk 00:43:10]} {[%emt 00:00:07]} Kc5 {[%clk 01:17:14]} {[%emt
00:00:35]} 94. Ke5 {[%clk 00:41:47]} {[%emt 00:01:52]} Kc6 {[%clk 01:15:12]}
{[%emt 00:02:32]} 95. Kd4 {[%emt 00:00:02]} Kd6 {[%emt 00:00:03]} 96. Kc4
{[%clk 00:42:08]} {[%emt 00:00:04]} Kc6 {[%clk 01:14:55]} {[%emt 00:00:47]} 97.
Kb4 {[%clk 00:42:37]} {[%emt 00:00:02]} Kb6 {[%clk 01:15:18]} {[%emt 00:00:06]}
98. Ka4 {[%clk 00:43:04]} {[%emt 00:00:05]} Ka6 {[%clk 01:15:31]} {[%emt
00:00:15]} 99. Kb4 {[%clk 00:43:32]} {[%emt 00:00:02]} Kb6 {[%clk 01:15:47]}
{[%emt 00:00:14]} 100. Kc4 {[%clk 00:43:59]} {[%emt 00:00:03]} 1/2-1/2

[Event "DVM U14 2021"]
[Site "Willingen GER"]
[Date "2022.08.13"]
[Round "1"]
[White "Prinzen, Siri Marleen"]
[Black "Bolz, Jannis"]
[Result "0-1"]
[Termination "normal"]
[Board "5.2"]
[WhiteElo "1801"]
[BlackElo "1616"]
[WhiteClock "00:02:15"]
[BlackClock "00:02:21"]
[WhiteTeam "SK Tarrasch 1945 München"]
[BlackTeam "Schachgemeinschaft Porz"]
[PlyCount "118"]
[WhiteFideId "16265912"]
[BlackFideId "16214897"]
[EventCountry "GER"]
[EventRounds "7"]
[EventType "team-swiss"]
[EventDate "2022.08.12"]

1. d4 {[%clk 01:30:58]} Nf6 {[%clk 01:30:55]} {[%emt 00:00:06]} 2. Bf4 {[%clk
01:31:22]} {[%emt 00:00:06]} g6 {[%clk 01:31:14]} {[%emt 00:00:10]} 3. c4
{[%clk 01:31:39]} {[%emt 00:00:13]} Bg7 {[%clk 01:31:35]} {[%emt 00:00:09]} 4.
Nf3 {[%clk 01:31:21]} {[%emt 00:00:49]} O-O {[%clk 01:31:12]} {[%emt 00:00:53]}
5. Nc3 {[%clk 01:30:51]} {[%emt 00:01:00]} d5 {[%clk 01:31:36]} {[%emt
00:00:05]} 6. e3 {[%clk 01:29:21]} {[%emt 00:02:01]} e6 {[%clk 01:17:50]}
{[%emt 00:14:16]} 7. Be2 {[%clk 01:27:03]} {[%emt 00:02:48]} c5 {[%clk
01:14:13]} {[%emt 00:04:07]} 8. h3 {[%clk 01:16:47]} {[%emt 00:10:46]} a6
{[%clk 01:12:37]} {[%emt 00:02:06]} 9. O-O {[%clk 01:11:01]} {[%emt 00:06:16]}
Nc6 {[%clk 01:03:13]} {[%emt 00:09:54]} 10. Ne5 {[%clk 00:53:19]} {[%emt
00:18:11]} cxd4 {[%clk 01:02:08]} {[%emt 00:01:36]} 11. exd4 {[%clk 00:50:16]}
{[%emt 00:03:33]} Nd7 {[%clk 01:01:47]} {[%emt 00:00:51]} 12. Nxc6 {[%clk
00:41:59]} {[%emt 00:08:48]} bxc6 {[%clk 01:02:10]} {[%emt 00:00:06]} 13. cxd5
{[%clk 00:36:38]} {[%emt 00:05:51]} cxd5 {[%clk 01:01:48]} {[%emt 00:00:52]}
14. Na4 {[%clk 00:34:44]} {[%emt 00:02:25]} e5 {[%clk 00:56:28]} {[%emt
00:05:49]} 15. dxe5 {[%clk 00:32:21]} {[%emt 00:02:53]} Nxe5 {[%clk 00:56:23]}
{[%emt 00:00:34]} 16. Rc1 {[%clk 00:30:26]} {[%emt 00:02:25]} Be6 {[%clk
00:35:46]} {[%emt 00:21:07]} 17. Re1 {[%clk 00:27:03]} {[%emt 00:03:54]} Nd7
{[%clk 00:24:36]} {[%emt 00:11:40]} 18. Bf3 {[%clk 00:24:17]} {[%emt 00:03:16]}
Qa5 {[%clk 00:15:58]} {[%emt 00:09:08]} 19. a3 {[%clk 00:21:13]} {[%emt
00:03:33]} Rac8 {[%clk 00:14:49]} {[%emt 00:01:40]} 20. Rxc8 {[%clk 00:18:35]}
{[%emt 00:03:07]} Rxc8 {[%clk 00:15:14]} {[%emt 00:00:06]} 21. Bd6 {[%clk
00:16:32]} {[%emt 00:02:36]} d4 {[%clk 00:10:17]} {[%emt 00:05:25]} 22. b4
{[%clk 00:14:19]} {[%emt 00:02:42]} Qb5 {[%clk 00:07:42]} {[%emt 00:03:05]} 23.
Nc5 {[%clk 00:12:59]} {[%emt 00:01:50]} Nxc5 {[%clk 00:07:16]} {[%emt
00:00:56]} 24. Bxc5 {[%clk 00:13:23]} {[%emt 00:00:06]} Rd8 {[%clk 00:05:41]}
{[%emt 00:02:05]} 25. Re2 {[%clk 00:11:42]} {[%emt 00:02:11]} Bc4 {[%clk
00:04:30]} {[%emt 00:01:41]} 26. Rd2 {[%clk 00:10:26]} {[%emt 00:01:46]} d3
{[%clk 00:04:34]} {[%emt 00:00:26]} 27. a4 {[%clk 00:05:55]} {[%emt 00:05:00]}
Qd7 {[%clk 00:04:25]} {[%emt 00:00:40]} 28. Qc1 {[%clk 00:04:30]} {[%emt
00:01:55]} Qe6 {[%clk 00:03:51]} {[%emt 00:01:04]} 29. Rd1 {[%clk 00:03:38]}
{[%emt 00:01:22]} Bb3 {[%clk 00:03:53]} {[%emt 00:00:28]} 30. Rf1 {[%clk
00:02:26]} {[%emt 00:01:42]} d2 {[%clk 00:04:02]} {[%emt 00:00:27]} 31. Qb1
{[%clk 00:02:20]} {[%emt 00:00:30]} Bxa4 {[%clk 00:03:19]} {[%emt 00:01:13]}
32. Kh1 {[%clk 00:01:29]} {[%emt 00:01:19]} Qd7 {[%clk 00:03:41]} {[%emt
00:00:09]} 33. Bd1 {[%clk 00:01:45]} {[%emt 00:00:15]} Bb5 {[%clk 00:02:36]}
{[%emt 00:01:34]} 34. Rg1 {[%clk 00:01:56]} {[%emt 00:00:19]} Bd4 {[%clk
00:02:54]} {[%emt 00:00:12]} 35. Bg4 {[%clk 00:01:42]} {[%emt 00:00:45]} Qd5
{[%clk 00:02:28]} {[%emt 00:00:56]} 36. Qc2 {[%clk 00:01:04]} {[%emt 00:01:08]}
Bxc5 {[%clk 00:02:29]} {[%emt 00:00:29]} 37. bxc5 {[%clk 00:01:23]} {[%emt
00:00:11]} Qd4 {[%clk 00:01:04]} {[%emt 00:01:55]} 38. c6 {[%clk 00:01:04]}
{[%emt 00:00:50]} f5 {[%clk 00:01:04]} {[%emt 00:00:29]} 39. Bf3 {[%clk
00:00:40]} {[%emt 00:00:54]} Ba4 {[%clk 00:00:49]} {[%emt 00:00:46]} 40. Qa2+
{[%clk 00:01:00]} {[%emt 00:00:10]} Kg7 {[%clk 00:01:13]} {[%emt 00:00:05]} 41.
Bd1 {[%clk 00:30:17]} {[%emt 00:01:13]} Bxc6 {[%clk 00:26:24]} {[%emt
00:05:20]} 42. Qxa6 {[%clk 00:29:32]} {[%emt 00:01:14]} Bd5 {[%clk 00:19:57]}
{[%emt 00:06:57]} 43. Qa3 {[%clk 00:27:13]} {[%emt 00:02:49]} Re8 {[%clk
00:18:30]} {[%emt 00:01:57]} 44. Qa5 {[%clk 00:23:13]} {[%emt 00:04:30]} Bf7
{[%clk 00:16:03]} {[%emt 00:02:57]} 45. Ba4 {[%clk 00:16:36]} {[%emt 00:07:07]}
Re1 {[%clk 00:11:10]} {[%emt 00:05:22]} 46. Rxe1 {[%clk 00:14:06]} {[%emt
00:03:01]} dxe1=Q+ {[%clk 00:11:28]} {[%emt 00:00:12]} 47. Qxe1 {[%clk
00:14:31]} {[%emt 00:00:05]} Qxa4 {[%clk 00:11:51]} {[%emt 00:00:07]} 48. Qe5+
{[%clk 00:13:38]} {[%emt 00:01:23]} Kg8 {[%clk 00:12:15]} {[%emt 00:00:05]} 49.
Kh2 {[%clk 00:12:47]} {[%emt 00:01:22]} Qe8 {[%clk 00:09:56]} {[%emt 00:02:49]}
50. Qd6 {[%clk 00:12:36]} {[%emt 00:00:41]} Qe6 {[%clk 00:10:10]} {[%emt
00:00:16]} 51. Qd8+ {[%clk 00:11:53]} {[%emt 00:01:13]} Kg7 {[%clk 00:10:32]}
{[%emt 00:00:08]} 52. Qd4+ {[%clk 00:11:26]} {[%emt 00:00:57]} Qf6 {[%clk
00:10:55]} {[%emt 00:00:07]} 53. Qf4 {[%clk 00:10:53]} {[%emt 00:01:02]} g5
{[%clk 00:11:13]} {[%emt 00:00:12]} 54. Qg3 {[%clk 00:10:27]} {[%emt 00:00:57]}
h6 {[%clk 00:06:44]} {[%emt 00:05:00]} 55. Qc7 {[%clk 00:07:06]} {[%emt
00:03:50]} Kg6 {[%clk 00:05:12]} {[%emt 00:02:01]} 56. f4 {[%clk 00:04:49]}
{[%emt 00:02:47]} g4 {[%clk 00:04:33]} {[%emt 00:01:09]} 57. Qc1 {[%clk
00:04:11]} {[%emt 00:01:09]} Be6 {[%clk 00:04:12]} {[%emt 00:00:52]} 58. Qe3
{[%clk 00:03:55]} {[%emt 00:00:45]} h5 {[%clk 00:04:16]} {[%emt 00:00:25]} 59.
Qf2 {[%clk 00:02:15]} {[%emt 00:02:10]} h4 {[%clk 00:02:21]} {[%emt 00:02:26]}
*